Muhlenberg College Woods Dining Commons Food Stations Quiz Stats

 Plays Quiz not verified by Sporcle

Score 0/8 Timer 05:00
0 Plays Today
Hint Answer % Correct
Noshery
87.5%
Dessert
56.3%
Chew St. Deli
50%
Chef's Table
50%
Magellan's
43.8%
Crutons
37.5%
Mangia Mangia
37.5%
Wildfire Grille
25%

You're not logged in!

Compare scores with friends on all Sporcle quizzes.
OR
Log In

Sporcle TV

Today on Sporcle TV


Watch our educational content, quiz creation guides, and fun videos on Sporcle TV.

Show Comments

Extras

Top Quizzes Today


Score Distribution

Your Account Isn't Verified!

In order to create a playlist on Sporcle, you need to verify the email address you used during registration. Go to your Sporcle Settings to finish the process.

Report this User

Report this user for behavior that violates our Community Guidelines.

Details: